EPIC: The Musical - Lyrics Sort #34 - Get in the Water - Statistics

General Stats
  • This quiz has been taken 117 times
  • The average score is 20 of 38
Answer Stats
Hint Answer % Correct
Line 4 That's when our paths collide
98%
Line 2 I've been waitin' for this moment, for the perfect time to strike
95%
Line 3 When your home's so close, and you've reached your coast
95%
Line 6 I've got a name to uphold
93%
Line 5 I've got a reputation
93%
Line 7 So I can't go letting you walk or else the world forgets I'm cold
93%
Line 1 There you are, coward
88%
Line 9 Get in the water [1]
73%
Line 8 Now get in the water
63%
Line 11 All of Ithaca will die
59%
Line 10 Or I'll raise the tide so high
59%
Line 16 Get in the water [2]
49%
Line 17 Get in the water [3]
49%
Line 15 Both your wife and your son will drown (no)
46%
Line 12 Get in the water (wait)
46%
Line 14 I'll make tidal waves so profound
46%
Line 19 You have lived more than enough
44%
Line 18 Don't mistake my threats for bluff
41%
Line 20 Get in the water [4]
41%
Line 13 Get in the water (stop this, please)
41%
Line 22 I'll take your son and gouge his eyes
41%
Line 25 Aren't you tired, Poseidon?
39%
Line 21 Get in the water [5]
39%
Line 24 Get in the water [6]
39%
Line 29 I can't
39%
Line 36 (I'll stay in your heart)
39%
Line 26 It's been ten years, how long will this go?
39%
Line 35 (Look at all we've lost and all we've learned)
39%
Line 30 Maybe you could learn to forgive (no)
39%
Line 31 Ruthlessness is mercy upon ourselves
39%
Line 28 So why not leave this here and just go home?
39%
Line 23 That is, unless you choose to die
39%
Line 38 Waitin', waitin' waitin' ooh
39%
Line 27 We're both hurting from losses
39%
Line 33 You can relax, my friend
39%
Line 32 Die
37%
Line 34 I can tell you're getting nervous
37%
Line 37 Oh, whoa, Odysseus
34%
No matching quizzes found
Score Distribution
Percent of People with Each Score
Percentile by Number Answered
Your Score History
You have not taken this quiz